The imitation game /

保存先:
書誌詳細
第一著者: Desplat, Alexandre (作曲家)
その他の著者: Grossman, Nora (プロデューサー), Faura, Oscar (写真家), Dance, Charles (俳優), Knightley, Keira (俳優), Strong, Mark (attore) (俳優), Goode, Matthew (俳優), Kinnear, Rory (俳優), Moore, Graham (シナリオライター), Tyldum, Morten (デイレクター), Cumberbatch, Benedict (俳優)
フォーマット: スライド
言語:イタリア語
英語
出版事項: [Roma] : [Milano] : Videa ; Eagle Pictures [distributore], 2015
シリーズ:Indimenticabili. Film da collezione
主題:
タグ: タグ追加
タグなし, このレコードへの初めてのタグを付けませんか!

MARC

LEADER 00000ngm a22000007i 4500
001 IT\ICCU\UBO\4136746
003 ItRI
005 20260124182842.0
008 150520s2015 it |||||||||||||||k|||||c
024 3 1 |a 8031179939695 
024 3 1 |a 8031179939794 
028 4 2 |a 863969CVDO  |b Videa 
040 |b ita 
041 7 |a ita  |a eng  |2 ISO-639-2 
082 |a 791.43  |9 CINEMA  |2 14 
130 4 |a The Imitation Game <film ; 2014>  |3 IT\ICCU\UBO\4136747 
245 0 4 |a The imitation game /  |c [diretto da Morten Tyldum ; scritto da Graham Moore ; tratto dal libro di Andrew Hodges ; direttore della fotografia: Oscar Faura ; musiche di Alexandre Desplat ; prodotto da Nora Grossman ; interpreti: Benedict Cumberbatch, Keira Knightley, Matthew Goode ... [et al.]. 
260 |a [Roma] :  |b Videa ;  |a [Milano] :  |b Eagle Pictures [distributore],  |c 2015 
300 |a 1 DVD-video (110 min) :  |b  color., sonoro (Dolby digital 5.1) ;  |c in contenitore, 19 cm 
500 |a Codice area: 2; formato e sistema video: PAL; 2.40:1, 16/9 
500 |a Titolo del contenitore 
500 |a Produzione cinematografica: USA/Gran Bretagna, 2014 
500 |a Lingue: italiano, inglese; sottotitoli: italiano, italiano per non udenti, inglese 
500 |a Contenuti extra: Photograllery, Trailer 
650 7 |a cinema norvegese  |x film drammatici  |x film biografici  |x 2010-2019 
700 1 |a Grossman, Nora  |0 IT\ICCU\DDSV\342526  |4 pro 
700 1 |a Faura, Oscar  |0 IT\ICCU\LO1V\358517  |4 pht 
700 1 |a Dance, Charles  |0 IT\ICCU\MODV\133670  |4 act 
700 1 |a Hodges, Andrew  |0 IT\ICCU\RAVV\066923  |4 ant 
700 1 |a Knightley, Keira  |0 IT\ICCU\RAVV\329531  |4 act 
700 1 |a Strong, Mark  |c  (attore)  |0 IT\ICCU\RAVV\344933  |4 act 
700 1 |a Goode, Matthew  |0 IT\ICCU\RAVV\425129  |4 act 
700 1 |a Kinnear, Rory  |0 IT\ICCU\TSAV\598315  |4 act 
700 1 |a Moore, Graham  |0 IT\ICCU\UANV\004128  |4 sce 
700 1 |a Tyldum, Morten  |0 IT\ICCU\UBOV\418602  |4 drt 
700 1 |a Desplat, Alexandre  |0 IT\ICCU\UBOV\493465  |4 cmp 
700 1 |a Cumberbatch, Benedict  |0 IT\ICCU\UTOV\506005  |4 act 
830 0 |a Indimenticabili. Film da collezione  |0 IT\ICCU\UBO\4249285 
942 |2 ddc  |c VM  |n 0 
952 |0 0  |1 0  |4 0  |6 VO_2174_000000000000000  |7 0  |9 26999  |a BO  |b BO  |d 2026-01-24  |i 17930  |l 0  |o VO 2174  |p BO17930  |r 2026-01-24 18:28:42  |w 2026-01-24  |x [Sebina 5] [1 dvd]  |y VM  |z 1 dvd 
999 |c 22843  |d 22843